Trayectoria del entrenador #2 - Carlo Ancelotti - Estadísticas

Estadísticas generales
  • Esta prueba ha sido intentada 44 veces
  • La puntuación promedio es 9 de 12
Estadísticas de respuestas
Nombramiento Salida Equipo/Selección % Correcto
07/11/2011 30/06/2009 AC Milan
100%
01/07/2013 30/06/2015 Real Madrid
100%
01/07/2021 25/05/2025 Real Madrid
100%
26/05/2025 - Brasil
92%
01/07/2016 28/09/2017 Bayern Munich
85%
22/12/2019 30/06/2021 Everton
79%
07/02/1999 30/06/2001 Juventus
79%
01/07/2009 30/06/2011 Chelsea
72%
01/07/1996 30/06/1998 AC Parma
67%
01/01/2012 30/06/2013 Paris Saint-Germain
64%
01/07/2018 10/12/2019 Napoli
59%
01/07/1995 30/06/1996 Reggiana
13%
No se encontraron pruebas coincidentes
Distribución de puntuación
Porcentaje de gente con cada puntuación
Porcentaje por número respondido
Historial de tus puntuaciones
No has intentado esta prueba.